| 000 | 00836nam a22002057a 4500 | ||
|---|---|---|---|
| 999 |
_c159328 _d159328 |
||
| 005 | 20181214122130.0 | ||
| 010 | _aENG-124530 | ||
| 020 |
_a9789386515483 _c2995.00 |
||
| 035 | _aEN-108062 | ||
| 037 | _bDBAD/PUB. | ||
| 082 | _a346.54078 | ||
| 100 | _aMakhija, Ashish | ||
| 245 |
_aInsolvency and bankruptcy code of india: _cby Ashish Makhija; foreward by Vibhu Bakhru _ba commentary on inslovency resolution, liquidations,bankruptcy of corporate persons, individuals, sole proprietorship & partnership firms/ |
||
| 260 |
_aGurgaon _bLexis Nexis _c2018 |
||
| 270 |
_bGurgaon _e122002 _a14th Floor, Building No. 10, Tower-B, DLF Cyber City, Phase-II, |
||
| 300 |
_aciv,2074p _c25cm.(Hb) |
||
| 500 | _aIt includes appendix 1 to 17 and subject index | ||
| 700 | _aBakhru, Vibhu | ||
| 942 |
_2ddc _cEN _h346.54078 _mMAK |
||